La iglesia de San Felipe Neri : joya del barroco tapatío /

Gespeichert in:
Bibliographische Detailangaben
1. Verfasser: González Escoto, Armando (autor)
Weitere Verfasser: Cabrera González, Juan Manuel (fotógrafo) (fotógrafo), Alonzo Velasco, Guillermo (presentación) (presentación)
Format: Buch
Sprache:Spanisch
Schriftenreihe:(Libro del Año UNIVA. Primera Epoca)
(Libro del Año UNIVA 2005)
Schlagworte:
Tags: Tag hinzufügen
Keine Tags, Fügen Sie das erste Tag hinzu!

MARC

LEADER 00000nam^a2200000^a^4500
001 000187034
005 20250521000000.0
009 20260310102247.502
020 |a 968-5557-27-6 
037 |a Acervo ITESO - Biblioteca 
041 |a ESP 
082 |a 972.  |b UNIVA 2005 
100 |a González Escoto, Armando  |e (autor) 
245 1 3 |a La iglesia de San Felipe Neri :  |b joya del barroco tapatío /  |c A. González Escoto ; fotografía de J.M. Cabrera González ; presen. de G. Alonzo Velasco. 
264 |a Guadalajara, México :  |b Universidad del Valle de Atemajac,  |c 2005 
300 |a 81 p. 
336 |a texto  |b txt  |2 rdacontenido 
337 |a sin mediación  |b n  |2 rdamedio 
338 |a volumen  |b nc  |2 rdasoporte 
440 1 |a (Libro del Año UNIVA.  |p Primera Epoca) 
440 1 |a (Libro del Año UNIVA 2005) 
545 0 |a El Templo de San Felipe Neri en Guadalajara es conocido bajo tal nombre pues fue erigido por los padres filipenses u oratorianos, aunque bajo la advocación de Nuestra Señora de la Asunción. Lozalizado en la calle de San Felipe en su cruce con Contreras Medellín, se trata de una de las grandes expresiones del barroco en la ciudad. El inmueble fue construido entre 1752 y principios del siglo XIX, bajo la dirección del alarife Pedro Ciprés en la última etapa del proceso. Los oratorianos dejaron el templo en 1858 por orden del Papa Pío IX y medio siglo después -en 1904- tanto el templo como el convento quedaron bajo el cuidado de los jesuitas. En el edificio conventual funcionó el Instituto de San José de los mismos jesuitas y luego pasó a manos oficiales y se convirtió en sede de la actual Preparatoria de Jalisco de la Universidad de Guadalajara. En el presente el templo está bajo administración diocesana. 
649 |a XX 
650 |a Virgen de la Asunción -  |x Culto 
650 |a Felipe, Neri, Santo -  |x Culto 
650 |a Oratorianos en Guadalajara, Jalisco 
650 |a Oratorianos en México 
650 |a Monasticismo y Ordenes Religiosas -  |z Guadalajara, Jalisco 
650 |a Monasticismo y Ordenes Religiosas -  |z México 
650 |a Templo de San Felipe Neri (Guadalajara) 
650 |a Templos Cristianos -  |z Guadalajara, Jalisco -  |x Tema Principal 
650 |a Templos Cristianos -  |z México 
650 |a Arquitectura Religiosa -  |z Guadalajara, Jalisco 
650 |a Arquitectura Religiosa -  |z México 
650 |a Arquitectura Barroca -  |z Guadalajara, Jalisco -  |x Tema Principal 
650 |a Arquitectura Barroca -  |z México 
650 |a Arquitectura Virreinal -  |z Guadalajara, Jalisco 
650 |a Arquitectura Virreinal -  |z México 
650 |a Arquitectura Jalisciense -  |y Siglo XVIII 
650 |a Arquitectura Mexicana -  |y Siglo XVIII 
650 |a Arte Religioso -  |z Guadalajara, Jalisco 
650 |a Arte Religioso -  |z México 
650 |a Arte Barroco -  |z Guadalajara, Jalisco 
650 |a Arte Barroco -  |z México 
650 |a Arte Virreinal -  |z Guadalajara, Jalisco 
650 |a Arte Virreinal -  |z México 
650 |a Arte Jalisciense -  |y Siglo XVIII 
650 |a Arte Mexicano -  |y Siglo XVIII 
650 |a Guadalajara, Jalisco -  |x Fotografías -  |x Tema Principal 
650 |a Guadalajara, Jalisco -  |x Descripción 
650 |a Guadalajara, Jalisco -  |x Historia 
650 |a México -  |x Fotografías 
650 |a México -  |x Descripción 
650 |a México -  |x Historia 
700 |a Cabrera González, Juan Manuel  |e (fotógrafo) 
700 |a Alonzo Velasco, Guillermo  |e (presentación) 
910 |a Fondo General 
920 |a Impresos - Libros 
930 |a Reserva Especial 
905 |a 103 
901 |a 0500129076  |b IT1  |c REE  |u 20250521 
902 |a https://opac.biblio.iteso.mx/vufind/Record/000187034